| 000 | 01120nam a22002775a 4500 | ||
|---|---|---|---|
| 003 | OSt | ||
| 005 | 20161217101454.0 | ||
| 008 | 161217s2015 ua frb 000 0 ara d | ||
| 015 | _a2015/16907 | ||
| 020 | _a9789770478684 | ||
| 040 |
_aEG-ScBUE _bara _cEG-ScBUE |
||
| 082 | 0 | 4 |
_a346.082 _bز ح م _222 |
| 100 | 1 | _aزحمي، سلوى سالم بن هاشل. | |
| 245 | 1 | 2 |
_aالنظام القانوني للسرية المصرفية : _bدراسة مقارنة = Legal system of banking secrecy / _cإعداد سلوى سالم بن هاشل الزحمي. |
| 246 | 3 | 1 | _aLegal system of banking secrecy |
| 260 |
_aالقاهرة : _bدار النهضة العربية، _c2015. |
||
| 300 |
_a204 ص. ؛ _c24 سم. |
||
| 504 | _aيشتمل على إرجاعات ببليوجرافية. | ||
| 650 | 7 |
_aأمن المعلومات _xقوانين وتشريعات. _2BUEsh |
|
| 650 | 7 |
_aالسرية (قانون) _2BUEsh |
|
| 650 | 7 |
_aالحماية المصرفية. _2BUEsh _923942 |
|
| 650 | 7 |
_aالبنوك _xقوانين وتشريعات _2BUEsh |
|
| 651 | _2BUEsh | ||
| 653 |
_bLLAAWW _cDecember2016 |
||
| 942 | _2ddc | ||
| 999 |
_c23597 _d23569 |
||